000 00455nam a2200181Ia 4500
001 16897
005 20260306170345.0
008 260306t2020||||xx |||||||||||||| ||und||
041 _aESP
082 _a657.3
_bF43P
100 _aFerrer Quea, Alejandro,
_eAUT
245 0 _aPlaneamiento financiero en tiempos de pandemia del covid-19
260 _c2020
300 _a767 páginas :
_c
650 _aGEN
654 _aCCO
942 _cLIB
_dJUS
_fJUS
_2ddc
_n
999 _c16897
_d16897